000
00303nam a22001337a 4500
008
170731b xxu||||| |||| 00| 0 eng d
020
_a
9780201180954
041
_a
eng
080
_a
004
100
_a
32
101
_a
SHKI
245
_a
MANAGING THE SOFTWARE PROCESS
_c
HUMPHREY, W.S
942
_2
udc
_c
BK
999
_c
22215
_d
22215